| 000 | 00744nam a2200253#a 4500 | ||
|---|---|---|---|
| 001 | 00968 | ||
| 003 | HDC | ||
| 007 | ta | ||
| 008 | 230623s2007 xx 000 0 eng d | ||
| 020 | _a9780230025462 (hbk.). | ||
| 040 | _aHDC | ||
| 050 |
_aref PE 1645 _b.M33 2007 C18 |
||
| 245 | 0 | _aMacmillan English dictionary for advanced learners | |
| 250 | _a2nd ed. | ||
| 264 |
_aOxford : _bMacmillan Education, _c2007. |
||
| 300 |
_axi, 1748p. : _b ill. ; _c 24 cm. + _e 1 CD-ROM (4 3/4 in.) |
||
| 650 |
_aEnglish language _vDictionaries. |
||
| 650 |
_aEnglish language _xIdioms _vDictionaries. |
||
| 650 |
_aEnglish language _zUnited States _vDictionaries. |
||
| 942 | _2lcc | ||
| 942 | _cBK | ||
| 942 | _kref PE 1645 | ||
| 942 | _m.M33 2007 C18 | ||
| 999 |
_c22559 _d22559 |
||